00666cam a2200193ua 450000100060000004000340000604100080004008400190004810000250006724501340009226000480022630000100027436500100028449000570029465000180035170000300036970000560039999900170045549174 aRBUC_700050dINFLIBNET Centre aeng a822.33Q7bS527 aShakespeare, William aTwelfth night or what you willcWilliam Shakespare; edited by Arthur Quiller Couch and John Dover WilsonhPaperkTextual Document aCambridgebCambridge University Pressc1958 a100p. aUK 6s a[The] Cambridge pocket Shakespeare/John Dover Wilson aEnglish Drama aQuiller-Couch, Arthureed aQuiller-Couch, Arthureed1 aWilson, John Dovereed c28541d28541